[Event "Wch U16"]
[Site "Montevideo"]
[Date "2017.09.26"]
[Round "11"]
[White "Sevastjanovs, Roberts"]
[Black "Oviedo, Mathias"]
[Result "0-1"]
[WhiteElo "1604"]
[BlackElo "1556"]
[PlyCount "68"]
[EventDate "2017.09.17"]
[EventType "swiss"]
[EventRounds "11"]
[EventCountry "URU"]
[SourceTitle "EXT 2018"]
[Source "ChessBase"]
[SourceDate "2017.10.13"]
[SourceVersion "1"]
[SourceVersionDate "2017.10.13"]
[SourceQuality "1"]

1. c4 Nf6 2. Nc3 c6 3. e4 d5 4. cxd5 cxd5 5. exd5 Nxd5 6. Bc4 Be6 7. Qa4+ Nc6 8. Qb5 Nxc3 9. dxc3 Bxc4 10. Qxc4 g6 11. Nf3 Bg7 12. 0-0 0-0 13. Be3 Qc7 14. Rfe1 Rfe8 15. Ng5 e6 16. Qh4 h5 17. Qh3 Ne5 18. Bf4 Qc5 19. Ne4 Qc4 20. Qg3 Nd3 21. b3 Qa6 22. Red1 Nxf4 23. Qxf4 Red8 24. Nc5 Qc6 25. Rxd8+ Rxd8 26. Qg5 Rd5 27. Qe7 Qxc5 28. Qe8+ Kh7 29. Qxf7 Qxc3 30. Rf1 Qc6 31. h3 Rg5 32. g3 Rf5 33. Qe7 Rd5 34. Re1 Qd7 0-1

[Event "Wch U16"]
[Site "Montevideo"]
[Date "2017.09.25"]
[Round "10"]
[White "Perrachon, Marcos"]
[Black "Sevastjanovs, Roberts"]
[Result "0-1"]
[WhiteElo "1364"]
[BlackElo "1604"]
[PlyCount "26"]
[EventDate "2017.09.17"]
[EventType "swiss"]
[EventRounds "11"]
[EventCountry "URU"]
[SourceTitle "EXT 2018"]
[Source "ChessBase"]
[SourceDate "2017.10.13"]
[SourceVersion "1"]
[SourceVersionDate "2017.10.13"]
[SourceQuality "1"]

1. e4 e6 2. d4 d5 3. e5 c5 4. c3 Nc6 5. Nf3 Qb6 6. Bd3 cxd4 7. cxd4 Bd7 8. 0-0 Nxd4 9. Nxd4 Qxd4 10. Nc3 a6 11. Re1 Ne7 12. Qh5 Qxd3 13. Re3 Qg6 0-1

[Event "Wch U16"]
[Site "Montevideo"]
[Date "2017.09.24"]
[Round "9"]
[White "Sevastjanovs, Roberts"]
[Black "Carroll, Peter"]
[Result "0-1"]
[WhiteElo "1604"]
[BlackElo "1741"]
[PlyCount "48"]
[EventDate "2017.09.17"]
[EventType "swiss"]
[EventRounds "11"]
[EventCountry "URU"]
[SourceTitle "CBM 180 Extra"]
[Source "ChessBase"]
[SourceDate "2017.10.06"]
[SourceVersion "1"]
[SourceVersionDate "2017.10.06"]
[SourceQuality "1"]

1. c4 e5 2. Nc3 Nc6 3. g3 f5 4. e4 Bc5 5. Bg2 Nf6 6. d3 d6 7. Nge2 0-0 8. 0-0 Qe8 9. Bg5 Qh5 10. Bxf6 Rxf6 11. Nc1 Qh6 12. Nd5 Rf7 13. Nb3 Bd4 14. Nxd4 Nxd4 15. b4 c6 16. Nc3 f4 17. Qc1 Qh5 18. Re1 Bh3 19. Qd1 Bg4 20. f3 Bxf3 21. Qd2 Bxg2 22. Kxg2 f3+ 23. Kh1 f2 24. Rf1 Qf3# 0-1

[Event "Wch U16"]
[Site "Montevideo"]
[Date "2017.09.20"]
[Round "5"]
[White "Sevastjanovs, Roberts"]
[Black "Aguerre, Valentin"]
[Result "1/2-1/2"]
[WhiteElo "1604"]
[BlackElo "1640"]
[PlyCount "47"]
[EventDate "2017.09.17"]
[EventType "swiss"]
[EventRounds "11"]
[EventCountry "URU"]
[SourceTitle "CBM 180 Extra"]
[Source "ChessBase"]
[SourceDate "2017.10.06"]
[SourceVersion "1"]
[SourceVersionDate "2017.10.06"]
[SourceQuality "1"]

1. c4 e5 2. Nc3 Nc6 3. Nf3 Nge7 4. e4 g6 5. Be2 Bg7 6. 0-0 d6 7. h3 0-0 8. a3 Be6 9. Nd5 Qd7 10. Ng5 h6 11. Nxe6 fxe6 12. Bg4 Nd4 13. Nb4 a5 14. Nc2 Nec6 15. Nxd4 Nxd4 16. d3 h5 17. Be2 Kh7 18. Be3 Bh6 19. Bxd4 exd4 20. g4 h4 21. b4 Bg5 22. Qc2 b6 23. Qb2 e5 24. Kh1 1/2-1/2